00737nam a2200193 i 4500001000300000100001800003245010500021260005500126300004100181504002500222650005300247710005000300020001500350040000800365041000700373080002400380008004100404856009800445bg1 aZIMNY, Paweł10aMetody wariacyjne w elektrotechnice /cPaweł Zimny ; Polska Akademia Nauk. Komitet Elektrotechniki. aGdańsk :bPolitechnika Gdańska. Wydaw.,c1999. a207, [1] s. :brys., wykr. ;c24 cm. aBibliogr s. 202-205. 9aRachunek wariacyjnyxstosowaniexelektrotechnika 0aPolska Akademia NaukbKomitet Elektrotechniki a8388007025 cBPK0 apl a621.31:519.8:517.97 s pl f |000 0 pol  uhttp://koha.tu.koszalin.pl/cgi-bin/koha/opac-detail.pl?biblionumber=38430yKatalog online BPK